000 00688cam a22002413a 4500
001 3328
003 PGUSA
005 20140828083030.0
008 060322s2006||||xxu|||||s|||||000 | eng d
040 _aPGUSA
_beng
042 _adc
050 4 _aPR
100 1 _aShaw, Bernard,
_d1856-1950
245 1 0 _aMan and Superman :
_bA Comedy and a Philosophy
_h[electronic resource] /
_cBernard Shaw
260 _bProject Gutenberg,
_c2006
506 _aPublic domain in the USA.
516 _aElectronic text
653 _aEnglish drama
653 _aMan-woman relationships -- Drama
830 0 _aProject Gutenberg
_v3328
856 4 0 _uhttp://www.gutenberg.org/ebooks/3328
942 _cEB
999 _c232657
_d232657